[Event "Benasque op 16th"]
[Site "Benasque"]
[Date "1996.??.??"]
[Round "5"]
[White "Berebora, Ferenc"]
[Black "Cifuentes Parada, Roberto"]
[Result "0-1"]
[WhiteElo "2400"]
[BlackElo "2500"]
[Annotator "Cifuentes Parada,L"]
[PlyCount "82"]
[EventDate "1996.07.??"]
[EventType "swiss"]
[EventRounds "9"]
[EventCountry "ESP"]
[SourceTitle "CBM 053 Extra"]
[Source "ChessBase"]
[SourceDate "1996.09.01"]
[SourceVersion "1"]
[SourceVersionDate "1996.09.01"]
[SourceQuality "1"]

1. d4 Nf6 2. c4 e6 3. Nf3 d5 4. Nc3 c5 5. cxd5 cxd4 6. Qxd4 Nxd5 7. e4 Nxc3 8.
Qxc3 Nc6 9. Bb5 Bd7 10. O-O Qb6 11. a4 Qc5 12. Qd3 Qd6 13. Qc2 $5 a6 (13... Qc5
14. Qe2 $14) 14. Rd1 Qc7 (14... Qc5 $6 15. Qd3 $1 Rd8 16. Bxc6 $1 Qxc6 17. Ne5
$16) 15. Be2 (15. Be3 Be7 $2 (15... axb5 $1 16. axb5 Rxa1 17. Rxa1 Bd6 $1 (
17... Be7 18. Ra8+ Bd8 19. Qc5 $1 $44) 18. bxc6 (18. e5 $2 Nd8 $1 $19) 18...
O-O $1 19. e5 Be7 $10) 16. Bf1 Rc8 (16... O-O 17. a5 $1 $14) 17. Rac1 Qa5 (
17... O-O 18. a5 $1 Be8 19. Bb6 Qf4 20. e5 Na7 21. Bc4 Nb5 22. Be3 $16) 18. Nd2
$1 Nd8 (18... Nb4 $2 19. Qxc8+ Bxc8 20. Rxc8+ Bd8 21. Nc4 $18) (18... Ne5 $2
19. Qxc8+ Bxc8 20. Rxc8+ Bd8 21. Nb3 $18) (18... Na7 $2 19. Nc4 Qxa4 20. Bxa7
$18) 19. Nc4 Qc7 20. Qd2 $18 {1-0 Zueger,B-Grosar,A/Ptuj zt (05) ;CBM 47 1995 
(40)}) 15... Rc8 16. Be3 $6 (16. Qc3 $5) 16... Nd4 $1 17. Nxd4 (17. Qd3 Nxe2+
18. Qxe2 Be7 19. Rac1 Qb8 20. b3 Rxc1 21. Bxc1 Qc7 22. Bb2 O-O $10) 17... Qxc2
18. Nxc2 Rxc2 19. Rd2 (19. Bd3 Rxb2 20. a5 f6 $15) 19... Rxd2 20. Bxd2 Bd6 $10
21. Bc3 f6 22. a5 Ke7 23. Bd3 e5 24. Kf1 Rc8 25. Ke2 Be6 26. f3 Bb3 27. Rc1 Kd7
28. Bc2 Bc4+ 29. Bd3 Be6 30. Bd2 $2 (30. Rd1 h5 31. g3 g5 $15) 30... Rxc1 31.
Bxc1 Bb3 $1 $17 {xa5} 32. Bd2 Kc6 33. Bc3 Kc5 34. Kd2 Bc4 35. Bc2 Kb5 36. b3
Bf1 37. g3 Bb4 38. Ke1 Bh3 $1 $19 39. Bd3+ Kxa5 40. Bxb4+ Kxb4 41. g4 Kxb3 0-1

[Event "Leon"]
[Site "Leon"]
[Date "1992.??.??"]
[Round "6"]
[White "Gulko, Boris F"]
[Black "Magem Badals, Jordi"]
[Result "1-0"]
[WhiteElo "2560"]
[BlackElo "2515"]
[Annotator "Dautov,R"]
[PlyCount "93"]
[EventDate "1992.04.??"]
[EventType "tourn"]
[EventRounds "9"]
[EventCountry "ESP"]
[EventCategory "11"]
[SourceTitle "CBM 031"]
[Source "ChessBase"]
[SourceDate "1992.12.01"]
[SourceVersion "1"]
[SourceVersionDate "1992.12.01"]
[SourceQuality "1"]

1. c4 {Ribli} c5 2. g3 Nf6 3. Bg2 d5 4. cxd5 Nxd5 5. Nc3 Nc7 6. Qa4+ $5 Qd7 (
6... Bd7 7. Qc4 Nc6 (7... Bc6 8. Bxc6+ Nxc6 9. Qxc5 e5 10. Qc4 Nd4 $44 {Gulko})
8. Qxc5 e5 9. Qe3 Ne6 10. Nf3 Bc5 11. Qe4 f5 12. Qd5 Qf6 13. O-O e4 $44 {
Ivacic,V-Grosar,A Bled 1992}) (6... Bd7 7. Qb3 Bc6 8. Bxc6+ Nxc6 9. Qxb7 Nd4
10. Rb1 $13 {Gulko,54/(42)}) (6... Nd7 $6 7. Nf3 f6 8. d4 cxd4 9. Nxd4 e5 10.
Nf5 g6 11. Ne3 a6 12. b4 $1 a5 13. bxa5 Ne6 14. Nc4 $16 {Webster,A-Galliamova,
A Prestwich 1990 CBM/18}) 7. Qxd7+ (7. Qc4 Nba6 $6 (7... e5 $5) 8. Nf3 Qe6 9.
Qf4 g6 10. d4 Bg7 11. dxc5 O-O 12. O-O Nd5 13. Nxd5 Qxd5 14. Be3 Bxb2 15. Rab1
Qxa2 16. Rxb2 Qxb2 17. Bd4 Qb3 18. Qh6 f6 19. Ng5 Rf7 20. Nxf7 Qxf7 21. Rd1 $44
{Sermek,D-Baric,D Ljubljana(1/09) 1992}) 7... Nxd7 8. Nf3 g6 (8... e5 9. e3 (9.
d3 $14 {Gulko}) 9... Ne6 10. h3 $14 {Gulko}) 9. d4 Bg7 10. Be3 cxd4 11. Nxd4 (
11. Bxd4 $5 {Ribli} Bxd4 12. Nxd4 $14) 11... O-O 12. O-O Ne5 13. Rad1 (13. Bf4
$1 Ne6 14. Nxe6 Bxe6 15. Nd5 Bxd5 16. Bxd5 $16 {^^ Gulko,54/(42) Gulko}) 13...
Nc4 14. Bc1 Ne6 15. Nc2 (15. Nxe6 Bxe6 $10) 15... Rd8 (15... Rb8 16. Ne3 Nxe3
17. Bxe3 Bxc3 $2 (17... b6 $142 18. Nd5 Re8 $14) 18. bxc3 b6 19. Bh6 Re8 20.
Bc6 Rd8 21. Bf4 $1 Rxd1 22. Rxd1 Nxf4 23. Rd8+ Kg7 24. gxf4 $18) 16. Ne3 Nd6
17. Ned5 Kf8 18. e4 Nd4 19. e5 $1 N6b5 (19... Bxe5 20. Bh6+ Kg8 21. Nxe7+ (21.
f4 $16 {Ribli}) 21... Kh8 22. Rfe1 Bf6 23. Ncd5 $18) 20. Nxb5 Nxb5 21. a4 (21.
Bg5 Re8 22. a4 e6 23. axb5 exd5 24. f4 h6 25. Bf6 $18) 21... Bg4 (21... e6 22.
Nf6 Rxd1 23. Rxd1 Nc7 24. Nxh7+ Ke8 25. Nf6+ $18) 22. Rd2 (22. f3 Be6 23. f4
Bxd5 24. Bxd5 Nc7 25. Bxb7 Rab8 26. Bc6 $18) 22... e6 23. Ne3 Rxd2 24. Bxd2 Be2
25. axb5 (25. Re1 $2 {Ribli} Nd4 26. Bc3 Nf3+ 27. Bxf3 Bxf3 $15) 25... Bxf1 26.
Bb4+ Kg8 (26... Ke8 {Ribli} 27. Bxb7 Rb8 28. Bc6+ $18) 27. Kxf1 Bxe5 28. Nc4
Bd4 29. Bxb7 Rb8 30. Ba6 Rd8 31. Na5 Bb6 32. Nc6 Rd7 33. Ke2 Kg7 34. Be7 $1 $18
f6 35. b4 e5 36. Bc5 Rc7 37. g4 h6 38. h4 Kf7 39. Nd8+ Ke8 40. Ne6 Rd7 41. Bc8
Rh7 42. Bd6 Rh8 43. Nc5 Kf7 44. Be6+ Kg7 45. Bd5 Rc8 46. Kf3 Rh8 47. Ke4 1-0

[Event "Barcelona Sants op 21st"]
[Site "Barcelona"]
[Date "2019.09.01"]
[Round "10"]
[White "Panelo Munoz, Marcelo A"]
[Black "Krysa, Leandro Sergio"]
[Result "0-1"]
[WhiteElo "2378"]
[BlackElo "2516"]
[Annotator "Doe,John"]
[PlyCount "57"]
[EventDate "2019.08.23"]
[EventType "swiss"]
[EventRounds "10"]
[EventCountry "ESP"]
[SourceTitle "EXT 2020"]
[Source "ChessBase"]
[SourceDate "2019.10.17"]
[SourceVersion "1"]
[SourceVersionDate "2019.10.17"]
[SourceQuality "1"]

1. Nf3 c5 2. c4 Nf6 3. g3 d5 4. cxd5 Nxd5 5. Bg2 Nc6 6. Nc3 Nc7 7. d3 e5 8. Nd2
Bd7 9. Nc4 Be7 10. O-O f6 11. f4 b5 12. Ne3 exf4 13. gxf4 Rb8 14. Ned5 b4 15.
Nxc7+ Qxc7 16. Nd5 Qd8 17. f5 Bd6 18. Bf3 Ne5 19. Qb3 Qa5 20. Ne3 Rd8 21. a3
bxa3 22. Rxa3 Qb6 23. Qa2 c4 24. Ra6 Qd4 25. Kh1 cxd3 26. exd3 Bb8 27. Re6+
Bxe6 28. Qxe6+ Kf8 29. Nd5 {il.legible} 0-1

[Event "Moscow-4teams"]
[Site "Moscow"]
[Date "1981.02.26"]
[Round "4.2"]
[White "Jussupow, Artur"]
[Black "Tseshkovsky, Vitaly"]
[Result "0-1"]
[WhiteElo "2575"]
[BlackElo "2530"]
[Annotator "Dolmatov,S"]
[PlyCount "106"]
[EventDate "1981.02.22"]
[EventType "team"]
[EventRounds "6"]
[EventCountry "URS"]
[SourceTitle "MCL"]
[Source "ChessBase"]
[SourceDate "1999.07.01"]
[SourceVersion "1"]
[SourceVersionDate "1999.07.01"]
[SourceQuality "1"]
[WhiteTeam "Soviet Union U26"]
[BlackTeam "Soviet Union II"]
[WhiteTeamCountry "URS"]
[BlackTeamCountry "URS"]

1. c4 Nf6 2. Nc3 c5 3. Nf3 d5 4. cxd5 Nxd5 5. e4 Nb4 6. Bb5+ $6 (6. Bc4 Be6 7.
Bxe6 Nd3+ 8. Kf1 fxe6 9. Ng5 Qd7 10. Qf3 Ne5 11. Qh3 $14) 6... N8c6 7. d4 cxd4
8. a3 dxc3 9. Qxd8+ Kxd8 10. axb4 cxb2 11. Bxb2 f6 $1 (11... Nxb4 $2 12. Ke2
$16) (11... e5 12. O-O-O+ Kc7 13. Bxc6 bxc6 14. Bxe5+ Kb7 15. Bc3 Be7 16. Ne5
f6 17. Nf7 $10 {Miles,A-Schmidt,Wl/Buenos Aires/1978/ Inf 26/79/}) 12. e5 (12.
O-O e5 13. Rfd1+ Kc7 $17) (12. Be2 {/\ b5} Nxb4 13. O-O e5 14. Rfd1+ Kc7 $17)
12... Bd7 13. Bxc6 Bxc6 (13... bxc6 14. O-O $44) 14. e6 g6 15. O-O Bh6 16. Nd4
Kc7 17. b5 (17. Nxc6 $6 Kxc6 $17 (17... bxc6 18. Bd4 Rhd8 19. Bc5 $44)) 17...
Bd5 18. Ba3 Rhe8 19. Rfd1 Rad8 (19... b6 $2 20. Nf5 gxf5 21. Rxd5 $40) 20. Bc5
(20. Bb4 Kb8) 20... b6 21. Rxa7+ Bb7 22. Ba3 Kb8 (22... Rd5 $5) 23. Ra4 Bf4 24.
Bxe7 Rd5 (24... Rxe7 $2 25. Nc6+ Bxc6 26. Rxd8+ Kc7 27. Rd1 $16) 25. Bxf6 Rxe6
26. Bh4 g5 27. Bg3 Red6 28. Rb4 h5 29. f3 h4 30. Bf2 (30. Bxf4 gxf4 31. Kf2 $1
$10) 30... Rd8 31. Rc4 Bd6 32. Re1 Bc5 33. Nc6+ Bxc6 34. bxc6 Kc7 35. Bxc5 bxc5
36. h3 $2 (36. Kf2 Kxc6 37. g3 $10) 36... Kxc6 37. f4 Rd1 38. Rxd1 Rxd1+ 39.
Kf2 Kd5 40. Rc2 (40. Ra4 $5 gxf4 41. Rxf4 c4 42. Rxh4 (42. Rf8 Rd3 $15) 42...
c3 $19) 40... gxf4 41. Kf3 c4 $1 (41... Rd4 42. Kg4 c4 43. Kxh4 f3+ 44. g4 $13)
42. Kxf4 Kd4 43. g3 (43. Kg4 Kd3 44. Ra2 Rd2 45. Ra8 Rxg2+ 46. Kxh4 c3 47. Rd8+
Ke3 48. Rc8 c2 49. Kh5 Kd2 50. h4 Rg3 51. Rxc2+ Kxc2 52. Kh6 Kd3 53. h5 Ke4 54.
Kh7 Kf5 55. h6 Kf6 56. Kh8 Kg6 $19) 43... Rf1+ 44. Kg4 hxg3 45. Rd2+ (45. Kxg3
Kd3 46. Ra2 c3 47. h4 c2 48. Rxc2 Kxc2 49. h5 Kd3 50. Kg4 Ke4 51. Kg5 Ke5 52.
Kg6 Ke6 53. h6 Rg1+ 54. Kh7 Kf7 $19) 45... Ke3 46. Rg2 Rf4+ $1 (46... c3 $2 47.
Rxg3+ Kd2 48. Rg2+ Kd1 49. h4 c2 50. Rxc2 Kxc2 51. h5 Kd3 52. h6 Ke4 53. Kg5
Ke5 54. h7 $1 Rh1 55. Kg6 Ke6 56. Kg7 $10) 47. Kxg3 c3 48. h4 $19 Rc4 49. Rc2
Kd3 50. Rc1 c2 51. h5 Kd2 52. Rh1 c1=Q 53. Rxc1 Kxc1 0-1

[Event "Belgrade GMA op"]
[Site "Belgrade"]
[Date "1988.??.??"]
[Round "?"]
[White "Khasin, Alexander"]
[Black "Dorfman, Josif D"]
[Result "0-1"]
[WhiteElo "2425"]
[BlackElo "2540"]
[Annotator "Dorfman,J"]
[PlyCount "50"]
[EventDate "1988.12.??"]
[EventType "swiss"]
[EventRounds "9"]
[EventCountry "YUG"]
[SourceTitle "TD"]
[Source "ChessBase"]
[SourceDate "1994.03.01"]
[SourceVersion "1"]
[SourceVersionDate "1994.03.01"]
[SourceQuality "1"]

1. c4 c5 2. g3 Nf6 3. Bg2 d5 4. cxd5 Nxd5 5. Nc3 Nc7 6. Nf3 Nc6 7. a3 g6 8. O-O
Bg7 9. d3 O-O 10. Qa4 Bd7 11. Qh4 e5 12. Ng5 $5 (12. Bg5 f6 13. Bh6 g5 14. Qh5
Be8 15. Qh3 Bd7 $10) 12... h6 13. Nge4 g5 $8 (13... Qxh4 14. gxh4 b6 15. Bxh6)
14. Qh5 (14. Bxg5 hxg5 15. Nxg5 Bf5 16. Be4 Qf6 $1 $8 (16... Qd7 17. g4 $1 Bxe4
18. Ncxe4 $40) (16... Bxe4 17. Ncxe4 Re8 18. f4 $1 $40) 17. f4 Bxe4 18. Ncxe4
Qh6 $17) 14... Be8 $1 (14... f5 15. Nxc5 Be8 16. Qf3 (16. Qh3 Qe7) 16... Qe7 $1
17. Nxb7 (17. Nd5 $2 Nxd5 18. Qxd5+ Bf7 $19) (17. Nb3 Bf7 $36) 17... Nd4 18.
Qe3 Nc2 19. Qc5 Qxc5 20. Nxc5 Nxa1 21. Bxa8 (21. Nd5 $6 Nxd5 22. Bxd5+ Bf7 $17)
21... Nxa8 22. Ne6 { []g7, >>g5}) 15. Nxc5 Qe7 16. b4 $2 (16. Nxb7 f5 17. Qh3
Rb8 18. Bxc6 Bxc6 19. Na5 Ba8 $44) 16... e4 17. Bd2 f5 18. Qh3 b6 19. Nb3 h5 $1
20. Bh1 g4 21. Qg2 Bf7 $1 22. Rfb1 (22. Rab1 Bxb3 23. Rxb3 Nd4 24. Rbb1 Nf3+ $1
$19) 22... Bxb3 23. Rxb3 Nd4 24. Rbb1 exd3 25. Nd5 Qxe2 0-1

[Event "Nations Cup Online Prelim"]
[Site "Chess.com INT"]
[Date "2020.05.06"]
[Round "3.2"]
[White "Artemiev, Vladislav"]
[Black "Wei, Yi"]
[Result "1-0"]
[WhiteElo "2716"]
[BlackElo "2732"]
[Annotator "Edouard,R"]
[PlyCount "49"]
[EventDate "2020.05.05"]
[EventType "team-tourn"]
[EventRounds "10"]
[EventCountry "USA"]
[SourceTitle "CBM 196"]
[Source "ChessBase"]
[SourceDate "2020.06.30"]
[SourceVersion "1"]
[SourceVersionDate "2020.06.30"]
[SourceQuality "1"]
[WhiteTeam "Russia"]
[BlackTeam "China"]
[WhiteTeamCountry "RUS"]
[BlackTeamCountry "CHN"]

{[%evp 0,49,29,-15,40,5,3,18,11,-2,19,7,17,23,17,31,10,7,5,8,-19,22,33,20,4,13,
29,10,8,13,20,0,61,78,57,58,67,78,101,91,118,93,107,106,100,74,99,122,111,116,
209,185]} 1. c4 g6 2. g3 Bg7 3. Bg2 Nf6 4. Nc3 O-O 5. Nf3 c5 6. O-O d5 7. cxd5
Nxd5 8. Qb3 e6 ({In the event of} 8... Nb6 {Artemiev probably had a similar
idea:} 9. d3 Nc6 10. Qb5 $5 Nd7 {and here I could easily imagine an (almost)
novelty like} 11. Bd2 ({or} 11. Bg5 h6 12. Bd2) 11... a6 12. Qa4 Nb6 13. Qh4 {
making Black's play slightly unpleasant.}) (8... Nc7 9. Qc4 Ne6 10. d3 Nc6 {
is also a solid setup for Black, and it's difficult to say what Artemiev
wanted to come up with. The engine comes up with the interesting} 11. Ng5 $5 {
which may be worth having a look at.}) (8... Nxc3 9. bxc3 Nc6 10. Ng5 Na5 11.
Qb5 c4 12. Ba3 Bd7 13. Qc5 h6 14. Nf3 Re8 15. Ne5 Rc8 16. Qe3 $14 {0-1 (63)
Papin,V (2520)-Ponkratov,P (2603) RUS 2010}) 9. d3 Nc6 10. Qb5 $5 ({The usual} 
10. Bg5 Qd7 {hardly brought White any advantage.}) 10... Qb6 $146 ({Anand had
chosen} 10... Qa5 {against the same Artemiev, and after} 11. Qxa5 Nxa5 {
and here perhaps} 12. Ng5 $5 $146 {would be worth having a look at!}) (10...
Nxc3 11. bxc3 Bxc3 12. Rb1 Qa5 13. Be3 Qxa2 (13... Qxb5 $5 14. Rxb5 b6 15. Bxc5
$1 Rd8 16. Rb3 Bg7 17. Nd4 Nxd4 18. Bxd4 Rb8 {should be close to a draw}) 14.
Qxc5 Bg7 15. Nd2 a5 16. Rfc1 $44 {1-0 (63) Sargissian,G (2671)-Dominguez,L 
(2757) Linares ESP 2013}) 11. Qc4 $1 Qb4 12. Ne4 Qxc4 $6 {With this move,
problems start.} (12... b6 $1 {would be fine for Black. It is weird to leave
the black queen awkwardly placed on b4, but White can't take advantage of it.}
13. Qc2 Rd8 $1 {A nice prophylactic move against Nd6.} (13... Qb5 $5 {running
away with the queen through a6 is also fine. White can play} 14. Nd6 {and win
the bishop pair, but Black's activity compensates.}) (13... Nd4 14. Nxd4 Qxd4
15. a3 Bb7 16. Rb1 Qe5 17. b3 Qc7 18. Bb2 Qe7 {and again the position is about
equal.}) 14. a3 Qb5 15. Nc3 Nxc3 16. bxc3 Bb7 17. c4 Qa6 18. Bb2 Nd4 19. Nxd4
cxd4 $11) 13. dxc4 Nb6 14. Rb1 Nxc4 15. b3 $6 (15. Nxc5 $1 {was more precise.})
15... N4e5 $2 (15... Nb6 $1 16. Nxc5 Nd5 {with the idea of ...Nc3, should be
fine for Black.}) 16. Nxe5 Bxe5 {Now we reach a kind of endgame that is very
unpleasant for Black, as the g2-bishop is a true monster.} (16... Nxe5 17. Nxc5
Rb8 18. Ba3 $14) 17. Bh6 (17. Nxc5 $14) (17. Ba3 $14) 17... Rd8 (17... Bg7 18.
Bxg7 Kxg7 19. Nxc5 $14) 18. Rfd1 Rb8 19. Nxc5 Bc7 20. Bg5 Rxd1+ 21. Rxd1 Kg7
22. Ne4 (22. Nd7 $5 $16) 22... Be5 23. Nd6 h6 (23... Bxd6 24. Rxd6 {is not
something Black wants...}) 24. Be3 Nb4 $2 ({After} 24... Bxd6 25. Rxd6 e5 {
Black would still be in the game, but of course White is close to winning.})
25. Bxh6+ $1 {An elegant finish. Incredible how quickly Black's position
became so bad from a very timid line by White.} 1-0

[Event "Reykjavik zt"]
[Site "Reykjavik"]
[Date "1995.??.??"]
[Round "5"]
[White "Degerman, Lars"]
[Black "Ernst, Thomas"]
[Result "1/2-1/2"]
[WhiteElo "2490"]
[BlackElo "2465"]
[Annotator "Ernst,T"]
[PlyCount "56"]
[EventDate "1995.03.??"]
[EventType "swiss"]
[EventRounds "11"]
[EventCountry "ISL"]
[SourceTitle "CBM 047"]
[Source "ChessBase"]
[SourceDate "1995.08.01"]
[SourceVersion "1"]
[SourceVersionDate "1995.08.01"]
[SourceQuality "1"]

1. Nf3 c5 2. c4 Nc6 3. Nc3 e5 4. e3 Nf6 5. d4 {[#]} cxd4 6. exd4 e4 7. Ng5 Bb4
8. d5 Ne5 9. Bd2 Qe7 10. Be2 {[#]} h6 (10... Nd3+ 11. Kf1 Nc5 12. d6 (12. a3
Bxc3 13. Bxc3 d6 14. b4 Ncd7) 12... Qe5 13. Nb5 Bxd2 14. Nc7+ Kf8 15. Qxd2 Rb8
16. h4) 11. d6 Qxd6 12. Ngxe4 Nxe4 13. Nxe4 Bxd2+ 14. Qxd2 Qxd2+ 15. Kxd2 Ke7 {
[#]} 16. Rad1 $1 (16. Nc3 d6 17. Nd5+ Kd8 18. f4 Nc6) (16. Rhe1 d6 17. f4 Ng6
18. g3 Be6 19. Nc3 Kd7) 16... d6 17. Kc3 Rd8 {[#]} 18. Rd4 $2 (18. Rd5 $1 Be6
19. Rb5 Nxc4 (19... b6 $2 20. Nxd6 $1 $18) (19... d5 20. Rxb7+ Ke8 21. Nc5 $18)
20. Bxc4 (20. Rxb7+ $2 Kf8 21. Bxc4 Bxc4 22. Kxc4 d5+ $10) 20... Rac8 21. Rxb7+
Ke8 22. Nd2 d5 23. b3 $16) (18. Rd2 f5 19. Ng3 Be6 (19... g5 $1 20. h4 f4 $1
$10) 20. f4 Nxc4 (20... Ng6 $2 21. Rd4 Rac8 {Med iden 22..d5} 22. Nh5 $1 $16)
21. Bxc4 Rac8 22. b3 d5 23. Re1) 18... f5 19. Ng3 Be6 20. f4 Nc6 21. Rd2 {[#]}
(21. Rd3 Rac8 22. Re3 d5 $1) 21... Rac8 (21... d5 22. cxd5 Rxd5 23. Rxd5 Bxd5
24. Nxf5+ Kf6 25. Bd3 (25. Ne3 Bxa2 26. Bf3 $16 {Med iden att byta pÅ c6.})
25... Bxa2 26. b3 a5 $1 $13 {Hector}) 22. Bf3 (22. Re1 Kf6 (22... g6 $14) 23.
Bf3 $16) (22. b3 d5) 22... Ne5 23. fxe5 Rxc4+ 24. Kb3 Rc6+ 25. Ka3 Ra6+ 26. Kb4
Rb6+ 27. Ka3 Ra6+ 28. Kb4 Rb6+ 1/2-1/2

[Event "EU-chT (Men) 21st"]
[Site "Heraklion"]
[Date "2017.10.31"]
[Round "4.2"]
[White "Erdos, Viktor"]
[Black "Nepomniachtchi, Ian"]
[Result "1-0"]
[WhiteElo "2624"]
[BlackElo "2733"]
[Annotator "Fernandez,D"]
[PlyCount "105"]
[EventDate "2017.10.28"]
[EventType "team-swiss"]
[EventRounds "9"]
[EventCountry "GRE"]
[SourceTitle "CBM 182"]
[Source "ChessBase"]
[SourceDate "2018.01.17"]
[SourceVersion "1"]
[SourceVersionDate "2018.01.17"]
[SourceQuality "1"]
[WhiteTeam "Hungary"]
[BlackTeam "Russia"]
[WhiteTeamCountry "HUN"]
[BlackTeamCountry "RUS"]
[WhiteClock "0:06:17"]
[BlackClock "0:12:49"]

{We may as well take some note of this competitively very important game:} 1.
Nf3 c5 2. c4 Nf6 3. Nc3 d5 4. cxd5 Nxd5 5. e3 Nxc3 6. dxc3 Qxd1+ 7. Kxd1 b6 8.
Bb5+ Bd7 9. a4 a6 10. Bxd7+ Nxd7 11. e4 e6 12. Bf4 f6 (12... O-O-O {could have
been called for, to defend the queenside with the king on b7 or even c6.}) 13.
Nd2 Be7 14. Nc4 $14 Kf7 15. Kc2 e5 16. Rhd1 $1 Ke6 17. Be3 Rhb8 {Black wanted .
..b5, so there was no time to mess around with g3, just f4 immediately.} 18. f4
$1 exf4 19. Bxf4 Rb7 20. Rd5 Raa7 21. Nd6 $5 (21. Rad1 b5 22. Nd6 $16 {could
also have been played - Black digs his own grave somewhat by opening the
position.}) 21... Bxd6 22. Rxd6+ Ke7 23. Rc6 Ra8 (23... a5 24. Rc8 {was likely
something that scared Black, because of the domination of both his rooks - he
now has to play} Ne5 {to free them, and enter a depressing single-rook ending:}
25. Bxe5 fxe5 26. Rd1 Rd7 27. Rb8 Rxd1 28. Kxd1 Rd7+ 29. Kc2 Rd6 30. Rb7+ Kf6
31. Kb3 $14) 24. a5 $1 {Making use of small tactics - not dissimilar to our
star game by Bosiocic.} Kf7 25. axb6 {Obviously ...b5 was never going to be
allowed again.} Rxb6 26. Rc7 Ke8 27. Rd1 Rd8 28. Rd6 g5 29. Bg3 Rxd6 30. Bxd6 {
Just like that, a pawn is won; White cashes in and the game is over.} h5 31.
Bxc5 Nxc5 32. Rxc5 Kf7 33. Rd5 Re8 34. Kd3 h4 35. b4 h3 36. g3 Rb8 37. Kd4 Ke6
38. Ra5 Rb6 39. Rc5 Rd6+ 40. Rd5 Rb6 41. g4 Kf7 42. e5 Ke7 43. Ke4 Rc6 44. Kf5
fxe5 45. Rxe5+ Kf7 46. Re3 a5 47. Rxh3 Kg7 48. bxa5 Rc5+ 49. Ke6 Rxa5 50. c4
Ra6+ 51. Kd5 Kf7 52. Re3 Ra4 53. h3 {More pitch-perfect technical chess to
complete our trio of rook endings (though this one was only briefly so.) There
might have been just one issue with a hasty Nd6, but Black's method of bailing
out was not an obvious or appealing one even after that. White made his 2733
opponent look like a statue as he sped past.} 1-0

[Event "Rishon Le Ziyyon 9798"]
[Site "Rishon Le Ziyyon"]
[Date "1997.12.31"]
[Round "7"]
[White "Oratovsky, Michael"]
[Black "Liss, Eran"]
[Result "1-0"]
[WhiteElo "2465"]
[BlackElo "2540"]
[Annotator "Finkel,A"]
[PlyCount "81"]
[EventDate "1997.12.25"]
[EventType "swiss"]
[EventRounds "9"]
[EventCountry "ISR"]
[SourceTitle "CBM 063"]
[Source "ChessBase"]
[SourceDate "1998.03.26"]
[SourceVersion "1"]
[SourceVersionDate "1998.03.26"]
[SourceQuality "1"]

1. Nf3 {Oratovsky,M} Nf6 2. c4 c5 3. Nc3 Nc6 4. g3 d5 5. cxd5 Nxd5 6. Bg2 Nc7
7. O-O e5 8. a3 Rb8 (8... f6 9. Rb1 (9. e3 $5 Be7 10. d4 cxd4 11. exd4 exd4 12.
Ne2 Ne6 13. b4 O-O 14. Bb2 d3 15. Nc1 Bd7 16. Re1 Re8 17. Nxd3 $14 {Hansen,
C-Milos,G/Novi Sad olm DEN-BRS 1990/1-0 (29)}) 9... Be7 10. b4 cxb4 11. axb4
Bxb4 12. Nxe5 fxe5 13. Bxc6+ bxc6 14. Rxb4 O-O 15. Ba3 $14) (8... Be7 9. b4 O-O
(9... cxb4 10. axb4 Nxb4 11. Nxe5 O-O 12. d4 $14 {1/2-1/2 Koshy,V-Ponnuswamy,K/
ch-IND (A), Kasaragod 1996}) 10. b5 Nd4 11. Nxe5 Ndxb5 12. Nxb5 Nxb5 13. Rb1
Nd6 14. d3 Bf6 15. Nc4 Nxc4 16. dxc4 Qe7 17. Be3 Rb8 18. Qd5 Be6 19. Qxc5 b6
20. Qxe7 Bxe7 21. Bd5 Bxd5 22. cxd5 Rfd8 23. Rfd1 $16 {Andersson,U-Andre,W/
Dortmund 1978/1-0 (40)}) 9. Rb1 a5 $6 {[%csl Ra5,Rb6][%cal Gd2d3,Yf3d2,Yd2c4]
weekens squares on the queenside .Now white prepares to transfer Nf3 to c4} 10.
d3 Bd7 11. Nd2 f6 (11... b5 12. a4 b4 13. Nd5 Nxd5 14. Bxd5 Nd4 15. Nc4 Bh3 16.
Bg2 Bxg2 17. Kxg2 $16) 12. a4 $16 {[%csl Gb5]} (12. Nc4 b5 $1 13. Bxc6 Bxc6 14.
Nxa5 Ba8 $132 {[%csl Ra5]}) 12... Be7 13. Nc4 Ne6 (13... O-O 14. f4 exf4 15.
Bxf4 $16 {[%cal Gc3b5]}) 14. f4 exf4 15. gxf4 O-O (15... f5 16. Nd5 O-O 17. Bd2
b6 18. Bc3 Re8 19. e3 $16) 16. f5 Ned4 17. Bf4 Nxf5 $6 (17... Rc8 18. Bd5+ $1
Kh8 19. e4 Be8 20. Nb5 $16 {[%cal Gb5d6]} (20. Kh1 $5 $16 {[%csl Rg7][%cal
Gf1g1,Gd1g4]})) 18. Bxb8 Qxb8 19. Nb6 (19. Bh3 Ne3 $1 $14) (19. e3 $16) 19...
Qd8 $2 (19... Be6 $8 20. Bd5 Bxd5 (20... Qe5 $2 21. Nc4 Qd4+ 22. e3 Nxe3 23.
Bxe6+ Kh8 24. Nb5 Nxd1+ 25. Nxd4 Nxd4 26. Rbxd1 Nxe6 27. Rfe1 $18) 21. Ncxd5
Qe5 22. e4 Nfd4 23. Nd7 Qg5+ 24. Kh1 Rf7 (24... Rd8 25. N7xf6+ $18 {[%cal
Yf1g1]}) 25. Nxe7+ Nxe7 26. Rc1 $16) (19... Ne3 20. Nxd7 Qd6 21. Qb3+ Rf7 22.
Bd5 Ng4 23. Bxf7+ Kh8 24. Rf2 Nxf2 25. Qe6 $18) (19... Bd6 20. Nxd7 Bxh2+ 21.
Kh1 Qd6 22. Bd5+ Kh8 23. Nxf8 Ng3+ 24. Kg2 Nxf1 25. Qxf1 Qg3+ 26. Kh1 Qh4 27.
Be6 $18) 20. Nxd7 Qxd7 21. Qb3+ Kh8 (21... c4 22. Qxc4+ Kh8 23. Bh3 $18) {
[%tqu "En","","","","f1f5","",5]} 22. Rxf5 $1 Qxf5 23. Qxb7 {[%csl Rc6,Re7]}
Bd6 24. Qxc6 Qf4 25. Ne4 (25. h3 Qe3+ 26. Kf1 Bh2 27. Ke1 Bg3+ 28. Kd1 Bf4 29.
Kc2 Qd2+ 30. Kb3 $18) 25... Qxh2+ 26. Kf1 Bf4 27. Qxc5 Rb8 28. Qg1 Qh6 29. Qh1
Bh2 30. Bf3 f5 31. Nf2 $138 (31. Ng5 $1 $18 {[%cal Rg5f7]}) 31... Qd6 32. Qg2
g5 33. Bc6 (33. Qxg5 $4 Rg8) 33... g4 34. Qd5 Qf6 35. Kg2 Qg5 36. Qe6 f4 37.
Ne4 Qh5 38. Qf6+ Kg8 39. Qe6+ Kh8 40. Qf6+ Kg8 41. Ng5 {[%cal Rc6d5]} 1-0